The adivasi will not dance : (Record no. 102155)

MARC details
000 -LEADER
fixed length control field 00876nam a22002177a 4500
005 - DATE AND TIME OF LATEST TRANSACTION
control field 20170706115030.0
010 ## - LCCN (DPL NO)
LC control number 1617EN
020 ## - INTERNATIONAL STANDARD BOOK NUMBER
International Standard Book Number 9789385288647
Terms of availability 399.00
035 ## - SYSTEM CONTROL NUMBER
System control number B-651256-263
035 ## - SYSTEM CONTROL NUMBER
System control number B-664688
037 ## - SOURCE OF ACQUISITION
Stock number dpl
Source of stock number/acquisition BSB
082 ## - DEWEY DECIMAL CLASSIFICATION NUMBER
Classification number S
100 ## - MAIN ENTRY--PERSONAL NAME
Personal name Shekhar, Hansda Sowvendra
245 ## - TITLE STATEMENT
Title The adivasi will not dance :
Statement of responsibility, etc by Hansda Sowvendra Shekhar
Remainder of title stories /
260 ## - PUBLICATION, DISTRIBUTION, ETC. (IMPRINT)
Place of publication, distribution, etc New Delhi
Name of publisher, distributor, etc Speaking Tiger
Date of publication, distribution, etc 2015
270 ## - ADDRESS
Address 4381/4, Ansari Road, Darya Ganj,
City New Delhi
Postal code 110002
300 ## - PHYSICAL DESCRIPTION
Extent 189p.
Dimensions 21cm(Hb)
942 ## - ADDED ENTRY ELEMENTS (KOHA)
Source of classification or shelving scheme Dewey Decimal Classification
Item type English Books
Call number suffix SHE
Classification part S
Holdings
Withdrawn status Lost status Not for loan Collection code Home library Current library Date acquired Source of acquisition Cost, normal purchase price Full call number Barcode Copy number Cost, replacement price Koha item type
      Fiction Ashok Vihar Ashok Vihar 06/07/2017 BPPD/EN/2016-17/AV/2016-17/455/15.02.2017/BSB/IN513/28.02.2017/06.03.2017 399.00 S SHE B-664688 1 399.00 English Books
      Fiction Central Jail Tihar Central Jail Tihar 24/01/2017 BPPD/CH/EN/289/24.11.2016/344/2.12.2016/4.1.2017 399.00 S SHE B-651261 1 399.00 English Books
      Fiction Central Library Central Library 24/01/2017 BPPD/CH/EN/289/24.11.2016/344/2.12.2016/4.1.2017 399.00 S SHE B-651256 1 399.00 English Books
      Fiction Janak Puri Janak Puri 24/01/2017 BPPD/CH/EN/289/24.11.2016/344/2.12.2016/4.1.2017 399.00 S SHE B-651262 1 399.00 English Books
      Fiction Kasturba Gandhi Marg Kasturba Gandhi Marg 24/01/2017 BPPD/CH/EN/289/24.11.2016/344/2.12.2016/4.1.2017 399.00 S SHE B-651258 1 399.00 English Books
      Fiction Patel Nagar Patel Nagar 24/01/2017 BPPD/CH/EN/289/24.11.2016/344/2.12.2016/4.1.2017 399.00 S SHE B-651257 1 399.00 English Books
      Fiction Peshwa Road Peshwa Road 24/01/2017 BPPD/CH/EN/289/24.11.2016/344/2.12.2016/4.1.2017 399.00 S SHE B-651259 1 399.00 English Books
      Fiction Sarojini Nagar Sarojini Nagar 24/01/2017 BPPD/CH/EN/289/24.11.2016/344/2.12.2016/4.1.2017 399.00 S SHE B-651263 1 399.00 English Books
      Fiction Tri Nagar Tri Nagar 24/01/2017 BPPD/CH/EN/289/24.11.2016/344/2.12.2016/4.1.2017 399.00 S SHE B-651260 1 399.00 English Books

© Delhi Public Library
Hit Counter
free hit counter